000
00228 a2200109 4500
020
_a
9789506192358
041
_a
spa
100
_a
Arredondo, Francisco
245
_a
Busca los Animales y sus Records
942
_c
BK
952
_7
4
999
_c
19643
_d
19643